000 01229nam a22003257a 4500
003 CHAP
005 20220329135158.0
008 971013s1982 r 00010 d
010 _a32224
011 _a33196
035 _a37311
040 _cCHAP
082 _a581.5
_bM37
100 0 0 _aMartínez Yrizar, Angelina.
_972646
245 _aTasas de descomposición de materia orgánica foliar de especies arbóreas de selvas en clima estacional
260 _aMéxico, D.F. :
_bSubsecretaría Forestal y de la Fauna. Unidad de Apoyo Técnico,
_c1982
300 _a94 p.
_b; gráfs
490 _aPremio nacional forestal
_v; 4
590 _aBATCH-UPD
_b10
_c20130110
_lUCH01
_h1534
590 _aBATCH-UPD
_b10
_c20130410
_lUCH01
_h0939
590 _aBATCH-UPD
_b10
_c20130914
_lUCH01
_h1802
590 _aCONVERSION
_b10
_c20130109
_lUCH01
_h1318
650 1 4 _aMateria orgánica
_xDescomposición.
_972932
830 0 _aPremio nacional forestal
_v; 4
_991381
901 _aBK
942 _cLIBRO
949 _a581.5 M37
_bBC
_cLIBRO
_d33724000541900
_eLIBRO
_fc.3
_h78570
_i37311
_si
949 _a581.5 M37
_bBC
_cLIBRO
_d33724000541918
_eLIBRO
_h60888
_i37311
_si
949 _a581.5 M37
_bBC
_cLIBRO
_d33724000541926
_eLIBRO
_fc.2
_h78569
_i37311
_si
999 _c32224
_d32224